| 000 | 00538nam a2200169 i 4500 | ||
|---|---|---|---|
| 001 | 72953 | ||
| 003 | ES-MaACL | ||
| 005 | 20231209062940.0 | ||
| 007 | t| | ||
| 008 | 040903s1969 sp ||||1| spa d | ||
| 100 | 1 |
_aGómez-Santos, Marino, _d1930-2020 _958158 |
|
| 245 | 1 | 3 |
_aEl metro de Madrid _b: medio siglo al servicio de la ciudad : 1919-1969 / _cMarino Gómez-Santos. |
| 260 |
_a[Madrid] : _bEscelicer, _c[1969] |
||
| 300 |
_a139 p. : _bil. ; _c29 cm. |
||
| 852 |
_aES-MaACL _jC-37485 _bR.71539 |
||
| 999 |
_c72953 _d72953 |
||